LEADER 01335nam a2200325 a 4500 001 000000127327 003 CaOOAMICUS 005 20120125105038.0 008 120125s2011 it u000 u ita r 020 $a978-88-15-23282-3 040 $aPUL$bita 082 04$a300.1 100 1 $aSartori, Giovanni,$d1924-$0(OLS)http://pul/name/31549 245 10$aLogica, metodo e linguaggio nelle scienze sociali /$cGiovanni Sartori. 260 $aBologna :$bIl Mulino,$c2011. 300 $a288 p. ;$c22 cm 490 1 $aCollezione di testi e studi.$aScienza politica 504 $aBibliografia: p. [263]-282. 650 4$aScienze sociali.$0(OLS)http://pul/subject/10944 830 0$aCollezione di testi e di studi.$pScienza politica.$0(OLS)http://pul/title/49185 850 $aPUL 852 $aPUL$W1$xSL Diritto e Scienze Sociali 3$y79$m300. 1 SARGI 1$j147287$qDDC 21$B145937$CPULBib$Z2$F145937 $H118200 $82 941 1 $a9 960 $aSociologia$910944 960 $aSociologia$910944 996 $6020$a978-88-15-23282-3$9(OLS)http://pul/number/148666 996 $6082$a300.1$9(OLS)http://pul/classification/2146 996 $6245$aLogica, metodo e linguaggio nelle scienze sociali$9(OLS)http://pul/title/160875 996 $6260$aBologna :$bIl Mulino$9(OLS)http://pul/publisher/47928 LEADER 01735nam a2200361 u 4500 001 000000061048 003 CaOOAMICUS 005 20110214153943.0 008 010830s2000 it u000 u ita u 035 $a10900554 040 $aPUL(R)$bita 100 1 $aPassamonti, Andrea.$0(OLS)http://pul/name/41654 245 10$aAspetti dell'evoluzione storica e strutturale del Parlamento Europeo e i suoi rapporti con i parlamenti nazionali dei paesi dell'Unione Europea /$cAndrea Passamonti. 260 $aRoma :$b[s.n.],$c2000. 300 $aiv, 137 p. ;$c24 cm 500 $aSul front.: "Estratto della tesi di dottorato in diritto civile". 502 $aDiss. (Doct.) -- Pontificia Universitas Lateranensis. Institutum utriusque iuris. Theses ad lauream in iure civili. 504 $aBibliografia: p. 132-135. 610 24$aParlamento europeo.$0(OLS)http://pul/subject/25556 610 14$aUnione europea.$0(OLS)http://pul/subject/23405 850 $aPUL 852 $aPUL$W1$xDP1 Tesi Pon Univ. Lateranense$y41$mTH PUL 921$j79615$nBK-PRI$b $qTesi$B79615$CPULBib$Z2$F79615 $H $81 941 1 $a16 960 $aComunità economica europea (CEE)$923405 960 $aComunità economica europea (CEE)$923405 960 $aComunità europee$923405 960 $aComunità europee$923405 960 $aComunità europea (CE)$923405 960 $aComunità europea (CE)$923405 960 $aEuropean Union$923405 961 $aINV: 84039 996 $6245$aAspetti dell'evoluzione storica e strutturale del Parlamento Europeo e i suoi rapporti con i parlamenti nazionali dei paesi dell'Unione Europea$9(OLS)http://pul/title/81538 996 $6260$aRoma :$b[s.n.]$9(OLS)http://pul/publisher/47958